000 01896cam a2200349 a 4500
003 EG-GiCUC
005 20250223030949.0
008 140406s2013 ua dh f m 000 0 eng d
040 _aEG-GiCUC
_beng
_cEG-GiCUC
041 0 _aeng
049 _aDeposite
097 _aPh.D
099 _aCai01.11.15.Ph.D.2013.Ma.V
100 0 _aMahmoud Mohamed Abdelhamid Soliman
245 1 4 _aThe value of middle cerebral artery and umbilical artery doppler indices in assessment of fetal wellbeing and prediction of neonatal outcome in IUGR and preeclampsia /
_cMahmoud Mohamed Abdelhamid Soliman ; Supervised Shamel Moustafa Hefny , Nermeen Abdelmoaty Abousalem , Mohamed Hamam Abdmanaf
246 1 5 _aقيمة مؤشرات الدوبلر للشريان الدماغى الاوسط والشريان السرى فى تقييم عافية الجنين والتنبؤ بنتائج حديثى الولادة فى حالتى تاخر النمو داخل الرحم وتسمم الحمل
260 _aCairo :
_bMahmoud Mohamed Abdelhamid Soliman ,
_c2013
300 _a172 P. :
_bcharts , facsimiles ;
_c25cm
502 _aThesis (Ph.D.) - Cairo University - Faculty of Medicine - Department of Gynecology and Obstetrics
520 _aThe purpose of this study was designed to explore the value of middle cerebral artery and umbilical artery doppler indices in assessment of fetal wellbeing and prdiction of neonatal outcome in pregnant women with IUGR and in pregnant women with preeclampsia
530 _aIssued also as CD
653 4 _aIUGR
653 4 _aMCA Doppler
653 4 _aUA Doppler
700 0 _aMohamed Hamam Abdmanaf ,
_eSupervisor
700 0 _aNermeen Abdelmoaty Abousalem ,
_eSupervisor
700 0 _aShamel Moustafa Hefny ,
_eSupervisor
856 _uhttp://172.23.153.220/th.pdf
905 _aNazla
_eRevisor
905 _aSoheir
_eCataloger
942 _2ddc
_cTH
999 _c45630
_d45630